Biblioteca

Commentary on Ruth (Registro nro. 64065)

Detalles MARC
000 -LÍDER
Campo fijo de descripción fija 02266nab a2200289 4500
001 - NÚMERO DE CONTROL
Campo de control 768714001
003 - IDENTIFICADOR DEL NÚMERO DE CONTROL
Campo de control CO-MdFUSB
005 - FECHA Y HORA DE LA ULTIMA TRANSACCIÓN
control field 20240313125102.0
008 - ELEMENTOS DE LONGITUD FIJA -- INFORMACIÓN GENERAL
Campo fijo de descripción fija -- Información general 171009s2016 xxu||||| |||| 00| 0 eng d
022 ## - NÚMERO INTERNACIONAL NORMALIZADO PARA PUBLICACIONES SERIADAS
Número Internacional Normalizado para Publicaciones Seriadas 1669-8649
040 ## - FUENTE DE CATALOGACIÓN
Agencia Catalogadora CO-MdFUSB
Idioma de catalogación spa
Agencia que realiza la transcripción CO-MdFUSB
Agencia que realiza la modificación CO-MdFUSB
041 ## - CÓDIGO DE IDIOMA
Código de idioma para texto/pista de sonido o título separado eng
100 ## - ASIENTO PRINCIPAL--NOMBRE PERSONAL
Nombre personal Acosta, Milton
Término relacionador autor
242 ## - TRADUCCIÓN DEL TÍTULO POR AGENCIA CATALOGADORA
Traducción del título Comentario sobre Ruth
245 ## - TÍTULO
Título Commentary on Ruth
Mención de responsabilidad / Milton Acosta
300 ## - DESCRIPCIÓN FÍSICA
Extensión Volumen 11, número 1 (2016), páginas: 17-43
Dimensiones : 20 cm.
506 ## - NOTA DE RESTRICCIONES DE ACCESO
Condiciones de acceso El doctor Milton Acosta es docente de la Fundación Universitaria Seminario Bíblico de Colombia en el área de Antiguo Testamento.
520 1# - NOTA DE RESUMEN, ETC.
Nota de sumario, etc. El libro de Ruth es una hermosa historia con una simetría que proporciona una coherencia literaria y temática, casi se siente como una novela ya que termina en una nota alta con una boda y un bebé. Sin embargo, las novelas nunca son tan cortas como el libro de Ruth; ni la novela se conocía como un género literario en épocas y culturas bíblicas. Aun así, el libro tiene cualidades de novela, al igual que la vida real a veces puede ser<br/>novelesco. En nuestra Biblia, y por razones cronológicas, Rut viene después de Jueces. Por razones teológicas, el Texto Masorético coloca a Rut entre los Proverbios y el Canto de Salomón, como si Ruth fuera un libro de sabiduría. Proverbios termina con la esposa "de noble carácter", y Ruth se llama una mujer "de noble carácter"; estos son los únicos ejemplos en la Biblia en los que una mujer es designada como tal. Proverbios 31 describe a la mujer de noble carácter; Ruth cuenta la historia de una.
546 ## - NOTA DE IDIOMA
Nota de idioma Texto en inglés
630 07 - PUNTO DE ACCESO ADICIONAL DE MATERIA - TÍTULO UNIFORME
Título uniforme Biblia.
Parte o sección de la obra Rut
Subdivisión de materia general Crítica, interpretación, etc.
650 #7 - ASIENTO SECUNDARIO DE MATERIA - TERMINO TEMÁTICO
9 (RLIN) 320
Término temático o nombre geográfico como elemento de entrada Teología bíblica
773 ## - ASIENTO DE ITEM FUENTE
Biblionumber 49416
Itemnumber 76183
Parte(s) relacionada(s) / Volumen., número. (mes año), páginas Volumen 11, número 1 (2016), páginas: 17 - 43
Enumeración y primera página Página 17
Título Journal of Latin American Theology
773 ## - ASIENTO DE ITEM FUENTE
Biblionumber 49416
Itemnumber 82396
Parte(s) relacionada(s) / Volumen., número. (mes año), páginas Volumen 11, número 1 (2016), páginas: 17 - 43
Enumeración y primera página Página 17
Título Journal of Latin American Theology
773 ## - ASIENTO DE ITEM FUENTE
Biblionumber 49416
Itemnumber 82481
Parte(s) relacionada(s) / Volumen., número. (mes año), páginas Volumen 11, número 1 (2016), páginas: 17 - 43
Enumeración y primera página Página 17
Título Journal of Latin American Theology
773 ## - ASIENTO DE ITEM FUENTE
Biblionumber 49416
Itemnumber 82482
Parte(s) relacionada(s) / Volumen., número. (mes año), páginas Volumen 11, número 1 (2016), páginas: 17 - 43
Enumeración y primera página Página 17
Título Journal of Latin American Theology
942 ## - TIPO DE MATERIAL (KOHA)
Tipo de Item KOHA Artículos de Revista

No hay ítems disponibles.

Biblioteca FUSBC | Teléfono: (57+4) 349 88 10 Ext. 141| WhatsApp (+57) 3005338115 
E-mail: biblioteca@unisbc.edu.co | Calle 76 87-14 Robledo Palenque, Medellín, Colombia

Con tecnología Koha